| 000 | 01620nam a2200289Ia 4500 | ||
|---|---|---|---|
| 999 |
_c34652 _d34652 |
||
| 001 | 426 | ||
| 003 | GE_BSU | ||
| 005 | 20200123105907.0 | ||
| 008 | 181216s2009||||ge |||||||||||||| ||geo|| | ||
| 020 | _a9789994090723 | ||
| 040 | _cGE_BSU | ||
| 041 | _ageo | ||
| 080 | _a618(075.8) გ–50 | ||
| 245 |
_aგინეკოლოგია : _bსახელმძღვანელო უმაღლესი სამედიცინო სასწავლებლის სტუდენტებისათვის და ექიმებისათვის / _c[ლ.ნ. ვასილევსკაია, ვ.ი. გრიშჩენკო, ნ.ვ. კობზევა [და სხვ.]] ; ლ.ნ. ვასილევსკაიას რედ. ; თარგმანის რედ. ომარ ჭანიშვილი. |
||
| 250 | _aმე-3, გადამუშ. გამოც. | ||
| 264 |
_aთბილისი : _bმთაწმინდელი, _c2009. |
||
| 300 |
_a392 გვ.: _b სურ. ; _c22სმ. |
||
| 440 |
_aსასწავლო ლიტერატურა _96329 |
||
| 541 | _h40 ლ. | ||
| 653 | _aგინეკოლოგია | ||
| 653 | _aმედიცინა | ||
| 700 |
_aვასილევსკაია, ლ.ნ. _eავტორი _96330 |
||
| 700 |
_a გრიშჩენკო, ვ.ი. _eავტორი _96331 |
||
| 700 |
_a კობზევა, ნ.ვ. _eავტორი _96332 |
||
| 700 |
_aიუროვსკაია, ვ.პ. და სხვ. _eავტორი _96333 |
||
| 942 |
_cBK _2udc |
||